000 00622nas a2200229 i 4500
001 1874
003 ES-MaACL
005 20250809062531.0
007 t|
008 950801c1955 ve | | 1 ||pa d
080 _a87
245 0 0 _aRevista de la Facultad de Derecho /
_cUniversidad Central de Venezuela.
260 _aCaracas (Venezuela :
_bRex,
_c1955-
300 _a7 v. ;
_c23 cm.
310 _aTrimestral
362 0 _a(1955)-
650 1 7 _aDerecho
_2embne
_911602
710 2 _aUniversidad Central de Venezuela.
_97083
852 _aES-MaACL
_jHem-1034
866 0 _o(1956)1957-58.
999 _c1874
_d1874